000 01433nam a22003617a 4500
003 CHAP
005 20220329143919.0
008 170812s2012 mx r 00010 spa d
010 _a103665
011 _a104637
035 _a115327
040 _cCHAP
090 _aTesis
100 1 _aGonzález Maldonado, Pablo.
_949132
245 1 0 _aDiagnóstico, análisis FODA y propuestas estratégicas de desarrollo para el ejido Gral. Álvaro Obregón, Calakmul, Campeche
_h[En línea]
_c/por Pablo González Maldonado
260 _aChapingo, Méx. :
_bEl autor,
_c2012
500 _aPara ver el contenido del material haga clic en la liga
502 _aTesis (Ing. Forestal Industrial) -- UACH. División de Ciencias Forestales
590 _aALEPH
_b10
_c20130110
_lUCH01
_h1545
590 _aBATCH-UPD
_b10
_c20130110
_lUCH01
_h1835
590 _aBATCH-UPD
_b10
_c20130410
_lUCH01
_h0838
590 _aBATCH-UPD
_b10
_c20130914
_lUCH01
_h1254
590 _aBATCH-UPD
_b10
_c20140324
_lUCH01
_h1532
590 _aBATCH-UPD
_b10
_c20141002
_lUCH01
_h0854
590 _aCONVERSION
_b10
_c20130109
_lUCH01
_h1357
650 0 4 _aEjidos forestales.
_936042
650 0 4 _aEjidos
_xCampeche.
_936007
856 _3Finding aid
_uhttp://10.13.5.2/tesis/115327.pdf
_zTeclea aqui
901 _aBK
942 _cFOLL
949 _aTesis
_bBC
_cTES
_d33724002335595
_eTS2
_fc.2
_h53713
_i115327
_st
949 _aTesis
_bBC
_cTES
_d33724002335637
_eTS1
_h53712
_i115327
_st
999 _c103665
_d103665